| 000 | 00703cam a22001457a 4500 | ||
|---|---|---|---|
| 008 | 180718b2002 xxu||||| |||| 00| 0 eng d | ||
| 082 | _aA81x54 91/32/PT3B/B | ||
| 100 | _aCensus of India 1991 | ||
| 245 | _aLakshadweep: economic tables | ||
| 260 |
_aNew Delhi _bController of Publication _c2002 |
||
| 300 | _a333+p. | ||
| 440 | _aCensus of India 1991. Series-32, Lakshadweep. Part IIIB-B series | ||
| 500 | _aContents: Tables B-2(F), B-3(F), B-3(F), B-6(F), B-7(F), B-8(F), B-9(F), B-12(F), B-13(i)(F), B-13(ii)(F), B-14(F), B-15(i)(F), B-15(ii)(F), B-16(F), B-17(F), B-18(F), B-19(F), B-20(F), B-21(F) Parts (a & b), B-22(F), B-23(F) and B-24(F) | ||
| 650 | _aLakshadweep - Economic conditions - Census | ||
| 999 |
_c486606 _d486606 |
||